Statistics for Chelsea FC Trivia

Click here to take the quiz!

General Stats

  • This quiz has been taken 104 times
  • The average score is 13 of 17

Answer Stats

QuestionAnswer% Correct
What is the home ground (stadium) of Chelsea?{Stamford} Bridge
98%
What country is Eden Hazard from?Belgium
92%
Who was the first African to score 100 Premier League goals for Chelsea?Didier Drogba
91%
Who holds the Chelsea record for the most goals - also the current head couch?Frank Lampard
91%
What Czech player was the goalkeeper of Chelsea between 2004–2015?Petr Čech
88%
What country does he come from?Ivory Coast
87%
Who is the goalkeeper of Chelsea - holds the world record fee paid for a goalkeeper?Kepa Arrizabalaga
85%
What club did Chelsea beat in 2012 to become the UEFA Champions League winner?Bayern Munich
84%
What Russian billionaire is the current owner of Chelsea?Roman Abramovich
83%
Chelsea's rivalry with which club is called "North West London derby"?Arsenal
79%
Under what manager's lead did Chelsea win 3 Premier Leagues, 3 League Cups,
1 FA Cup and 1 Community Shield?
Jose Mourinho
77%
Who is known as "Mr. Chelsea"?John Terry
73%
In what year did Chelsea win its first ever Premiership?2005
72%
What one-word nickname did club fans give to César Azpilicueta?Dave
63%
In which of the boroughs of London is Chelsea based?Fulham
63%
What football chant is the unofficial anthem of Chelsea?Blue is the Colour
37%
What English businessman founded Chelsea Football Club in 1905?Gus {Mears}
13%

Score Distribution

Percentile by Number Answered

Percent of People with Each Score

Your Score History

You have not taken this quiz